000 00519nam a22001457a 4500
020 _a978-0-00-728631-7
082 _a823
_bADA/L
100 _aADAMS, WILL
245 _aTHE LOST LABYRINTH
260 _aLONDON
_bHARPER COLLINS
_c2009
300 _a536
520 _aTwenty years after vanishing without a trace, French archaeologist Roland Petitier makes a dramatic reappearance at a major Athens conference, promising an astonishing find - the legendary Golden Fleece.
650 _aNOVEL
_zUNITED KINGDOM
942 _cBK
999 _c2568
_d2568